000 00508nam a2200169 i 4500
001 130621
003 ES-MaACL
005 20230906193807.0
007 t|
008 070802s1923 sp ||||1| spa d
100 1 _aZas, Enrique.
_9118096
245 1 0 _aGalicia patria de Colón /
_cEnrique Zas.
260 _aHabana :
_b[s.n.],
_c1923 (
_fImp. P. Fernández y Ca.)
300 _a291 p. :
_bil. mapas ;
_c22 cm.
600 1 4 _aColón, Cristóbal-
_xLugar de nacimiento.
_9164774
852 _aES-MaACL
_jF-6817
999 _c130621
_d130621